| 000 | 01182nam a2200337 a 4500 | ||
|---|---|---|---|
| 001 | 000038895 | ||
| 003 | DO-SdBNP | ||
| 005 | 20171018082208.0 | ||
| 007 | 000038895 | ||
| 008 | 130306s2010 dr 001 0 spa d | ||
| 020 | _a9789945449259 | ||
| 040 |
_aBPMSU _bspa _cBPMSU |
||
| 092 |
_a248.4 _bR788a, 2010 |
||
| 100 | 1 |
_aRosa y Carpio, Ramón Benito de la, _cMons., _d1939- |
|
| 245 | 1 | 0 |
_aAntes de un momento / _cRamón Benito de la Rosa y Carpio. |
| 250 | _a2a. ed. | ||
| 260 |
_aSanto Domingo : _bGráficas ITESA, _c2010. |
||
| 300 |
_a180 p. ; _c24 cm. |
||
| 490 | 1 | _aLibros de la Rosa | |
| 500 | _aIncluye datos biográficos del autor en la solapa. | ||
| 650 | 4 | _aEJERCICIOS ESPIRITUALES | |
| 650 | 4 | _aVIDA ESPIRITUAL | |
| 651 | 4 |
_aREPÚBLICA DOMINICANA _xCONDICIONES SOCIALES _xENSAYOS, CONFERENCIAS, ETC. |
|
| 651 | 4 |
_aREPÚBLICA DOMINICANA _xVIDA SOCIAL Y COSTUMBRES _xENSAYOS, CONFERENCIAS, ETC. |
|
| 651 | 4 |
_aREPÚBLICA DOMINICANA _xHISTORIA _xENSAYOS, CONFERENCIAS, ETC. |
|
| 830 | 0 | _aLibros de la Rosa | |
| 910 | _aValidado. Control de la calidad | ||
| 942 |
_2ddc _cBK |
||
| 945 | _aInventariado, 2017/MFF | ||
| 956 |
_aVMATEO _b10 _c20150731 _lBPMSU _h00151 |
||
| 999 |
_c8036 _d8036 |
||